Fr. Conceicao Rodrigues College of Engineering

Creating Customer Satisfaction Excellen : B3 (Record no. 34305)

MARC details
000 -LEADER
fixed length control field 00311nam a2200145Ia 4500
082 ## - DEWEY DECIMAL CLASSIFICATION NUMBER
Classification number 658.562
Item number MOD
100 ## - MAIN ENTRY--PERSONAL NAME
Personal name Modi/ Suresh M
250 ## - EDITION STATEMENT
Edition statement 3
245 ## - TITLE STATEMENT
Title Creating Customer Satisfaction Excellen : B3
260 ## - PUBLICATION, DISTRIBUTION, ETC.
Name of publisher, distributor, etc. D
Place of publication, distribution, etc. NONE
546 ## - LANGUAGE NOTE
Language note ENGLISH
654 ## - SUBJECT ADDED ENTRY--FACETED TOPICAL TERMS
Focus term Specimen copy
942 ## - ADDED ENTRY ELEMENTS (KOHA)
Koha item type BOOK
Holdings
Withdrawn status Lost status Damaged status Not for loan Collection Home library Current library Date acquired Total Checkouts Full call number Barcode Date last seen Price effective from Koha item type
        CRC Fr. Agnel's C.Rodrigues College of Engineering Fr. Agnel's C.Rodrigues College of Engineering 17/03/2023   658.562 MOD 10770 17/03/2023 17/03/2023 BOOK
        CRC Fr. Agnel's C.Rodrigues College of Engineering Fr. Agnel's C.Rodrigues College of Engineering 17/03/2023   658.562 MOD 10771 17/03/2023 17/03/2023 BOOK